000 00624nam a2200229Ia 4500
003 GCL
008 140319s9999 xx 000 0 eng d
020 _a2878330218
040 _aGCL /
_cGCL
082 0 4 _aCH
_b843
_bR A
100 1 _aRENARD, MAITRE
245 1 0 _aANNO :
_bLES FABLES D' ESOPE /
_cRENARD, MAITRE
700 1 _aDIENY, COLETTE
260 _aفرنسا :
_bCIRCONFLEXE ،
_c1990
300 _a63 P
_bCOL.ILL ؛
_c26 cm.
650 0 4 _aCHILDREN - LITERATURE
650 0 4 _aJAPAN - LITERATURE
650 0 4 _aFRENCH FICTION
650 0 4 _aFRENCH LITERATURE
650 0 4 _aCHILDREN - FICTION
942 _2ddc
_cBK
999 _c4846
_d4846